|
|
|
|
| LEADER |
00871ncm a22002652a 4500 |
| 001 |
001201543 |
| 003 |
CZ BrMZK |
| 005 |
20120322092306.0 |
| 007 |
qu |
| 008 |
120321s1981 xr |||||||||||||||||zxx d |
| 040 |
|
|
|a BOA001
|b cze
|
| 072 |
|
7 |
|a 785
|x Instrumentální hudba. Symfonická hudba. Hudba pro více nástrojů
|2 Konspekt
|9 9
|
| 100 |
1 |
|
|a Garland, Joe,
|d 1903-1977
|7 xx0012564
|4 cmp
|
| 245 |
1 |
0 |
|a V náladě
|h [hudebnina] /
|c Joe Garland ; upravil Milan D. Svoboda
|
| 250 |
|
|
|a 1. vyd.
|
| 260 |
|
|
|a Praha :
|b Supraphon,
|c 1981
|
| 300 |
|
|
|a 1 partitura (31 s.)
|
| 490 |
1 |
|
|a ARR '81 ;
|v 5
|
| 500 |
|
|
|a Partitura
|
| 700 |
1 |
|
|a Svoboda, Milan D.,
|d 1946-
|7 jx20110404033
|4 adp
|
| 830 |
|
0 |
|a ARR '81
|
| 910 |
|
|
|a BOA001
|b Mus4-0835.677
|
| 990 |
|
|
|a MU
|
| 991 |
|
|
|b 201203
|
| 996 |
6 |
|
|b 2619357406
|c Mus4-0835.677
|l MZK
|r Sklad / do 1 hodiny
|n 0
|w 001235103
|u 000010
|a 1
|e BOA001
|j MZK50
|s P
|